000 00395nam a22001217a 4500
999 _c10094
_d10094
003 OSt
008 201218b ||||| |||| 00| 0 eng d
245 _aIndian Journal of Science and Technology
250 _a2014(Jan Vol.7 No.1, Feb Vol.7 No.2, Mar Vol.7 No.3)
260 _aChennai, Tamil Nadu
_bIndian Society for Education and Environment
650 _aInformation Technology
942 _2ddc
_cBV